E-learning'14 international conference on e-learning, 12 September 2014, University of La Laguna Spain
Salvato in:
| Ente Autore: | |
|---|---|
| Altri autori: | , , |
| Natura: | Atti del Convegno eBook |
| Lingua: | inglese |
| Pubblicazione: |
[Tenerife]
[Universidad de La Laguna]
2014
|
| Edizione: | 1. vyd. |
| Accesso online: | http://www.elearning-conf.eu/index.php?cmd=dPage&pid=proc-14 |
| Tags: |
Nessun Tag, puoi essere il primo ad aggiungerne!!
|
MARC
| LEADER | 00000nam a22000003a 4500 | ||
|---|---|---|---|
| 001 | 0002919 | ||
| 003 | SK-STU | ||
| 005 | 20150617230325.8 | ||
| 007 | ta | ||
| 008 | 150216s2014----sp-----es-----100-0-----d | ||
| 020 | |a 978-954-712-611-4 | ||
| 040 | |a STU |b slo | ||
| 041 | 0 | |a eng | |
| 044 | |a sp | ||
| 111 | 2 | |a e-Learning'14 |d 11. - 12. 9. 2014 |c University of La Laguna, Tenerife | |
| 245 | 1 | 0 | |a E-learning'14 |b international conference on e-learning, 12 September 2014, University of La Laguna Spain |b proceedings |
| 250 | |a 1. vyd. | ||
| 260 | |a [Tenerife] |b [Universidad de La Laguna] |c 2014 | ||
| 300 | |a 271 s. | ||
| 700 | 1 | |a Caballero-Gil, Pino |4 edt | |
| 700 | 1 | |a Smrikarov, Angel |4 edt | |
| 700 | 1 | |a Vassilev, Tzvetomir |4 edt | |
| 856 | 4 | 0 | |u http://www.elearning-conf.eu/index.php?cmd=dPage&pid=proc-14 |
| 996 | |c I*Z10548 |l I |s A |a 24 |w 0002919_0001 | ||